| 000 | 01081nam a22001937a 4500 | ||
|---|---|---|---|
| 999 |
_c60000 _d60000 |
||
| 005 | 20230530102448.0 | ||
| 008 | 230530s2018en xxu||||| |||| 00| 0 eng d | ||
| 020 | _a9788378931621 | ||
| 041 | _aeng | ||
| 080 | _a75.071.1(479.22)(კაკაბაძე, დ.)(084.1) K-46 | ||
| 100 |
_aKintsurashvili, Ketevan, ტექსტის ავტორი. _918283 |
||
| 245 |
_aDavid Kakabadzé : biomorphic abstraction / _cKetevan Kintsurashvili & David Janiashvili ; photo-reproductions Mirian Kiladze. |
||
| 264 |
_bWojnowice :KEW, _c2018. |
||
| 300 |
_a41, [3] p. _b ill. ; _c21 cm |
||
| 653 | _aკაკაბაძე, დავით, 1889-1952 -- ილუსტრაციების ალბომები. ქართული მხატვრობა -- ილუსტრაციების ალბომები. ქართველი მხატვრები. | ||
| 700 |
_aJaniashvili, David _eდიზაინერი. _918284 |
||
| 700 |
_aKiladze, Mirian _eფოტო-რეპროდუქციები. _918285 |
||
| 942 |
_2udc _cBK |
||